MARC

LEADER 00000nam0a2200000 4500
001 372971
005 20231102012526.0
035 |a (RuTPU)RU\TPU\retro\30396 
035 |a RU\TPU\book\242444 
090 |a 372971 
100 |a 20221215d1976 k y0rusy50 ca 
101 0 |a rus 
102 |a BY 
105 |a a z 000zy 
200 1 |a Тонкие доводочные процессы обработки деталей машин и приборов  |f П. И. Ящерицын, А. Г. Зайцев, А. И. Барботько 
210 |a Минск  |c Наука и техника  |d 1976 
215 |a 328 с.  |c ил. 
606 1 |a Детали машин  |x Доводка механическая  |2 stltpush  |3 (RuTPU)RU\TPU\subj\9156  |9 36434 
606 1 |a Детали машин  |x Обработка поверхности щетками  |2 stltpush  |3 (RuTPU)RU\TPU\subj\9185  |9 36463 
610 1 |a металлообработка 
610 1 |a детали машин 
610 1 |a доводка 
610 1 |a доводочные операции 
610 1 |a доводочные работы 
610 1 |a приборы 
610 1 |a тонкие процессы 
610 1 |a механическая доводка 
675 |a 621.795  |v 3 
675 |a 621.923.74  |v 3 
700 1 |a Ящерицын  |b П. И.  |g Петр Иванович 
701 1 |a Зайцев  |b А. Г.  |g Аркадий Гаврилович 
701 1 |a Барботько  |b А. И.  |g Анатолий Иванович 
801 1 |a RU  |b 63413507  |c 20120920 
801 2 |a RU  |b 63413507  |c 20221215  |g RCR 
942 |c BK